000
00369nam a2200145Ia 4500
008
231129s1998||||xx |||||||||||||| ||spa||
020
_a
84-7953-213-0
040
_b
spa
082
_a
808 N621a
100
_a
Nichols Michael P.
245
0
_a
El arte perdido de escuchar
260
_c
1998
264
_a
Urano
942
_2
ddc
_c
BKS
999
_c
10298
_d
10298